[Event "Nordsjaellands Weekend EMT 2025"]
[Site "Allerod"]
[Date "2025.01.03"]
[Round "1"]
[White "Bank, Pelle Rodkjaer"]
[Black "Hector, Jonny"]
[Result "0-1"]
[WhiteElo "2273"]
[BlackElo "2434"]
[EventDate "2025.01.03"]
[EventType "swiss"]
[EventRounds "5"]
[EventCountry "DEN"]
[SourceTitle "Live v. Allerod Skakklub"]

1. d4 d5 2. Nc3 Nf6 3. Bf4 c5 4. e4 Nxe4 5. Nxe4 dxe4 6. dxc5 Nd7 7. Qd4 e5 8. Qxe4 Bxc5 9. O-O-O Qe7 10. Be3 O-O 11. Nf3 Bxe3+ 12. Qxe3 e4 13. Nd4 Nf6 14. h3 Be6 15. Kb1 Rfd8 16. Be2 Nd5 17. Qb3 a5 18. Nxe6 a4 19. Qb5 fxe6 20. a3 Rdc8 21. Bg4 Nf6 22. Qe5 Ra6 23. Rd2 Rc5 24. Qb8+ Kf7 25. Rhd1 Rc7 26. Be2 Rb6 27. c4 Qc5 28. g4 Rc8 29. Qg3 Rb3 30. Qf4 g5 31. Qh2 Qxa3 32. h4 Qc5 33. hxg5 Qxg5 34. Rd7+ Kg6 35. Re7 a3 36. f4 exf3 37. Bd3+ Rxd3 38. Rxd3 Rxc4 39. Rxe6 Rc1+ 40. Ka2 axb2 41. Qh5+ Qxh5 42. gxh5+ Kg5 43. Kxb2 Rf1 44. h6 f2 45. Rf3 Ng4 46. Rb6 Re1 47. Rxb7 Kxh6 48. Rff7 f1=Q 49. Rxh7+ Kg6 50. Rbg7+ Kf5 0-1

[Event "Nordsjaellands Weekend EMT 2025"]
[Site "Allerod"]
[Date "2025.01.03"]
[Round "1"]
[White "Kistrup, Nicolai"]
[Black "Ramsdal, Jens Albert"]
[Result "1/2-1/2"]
[WhiteElo "2400"]
[BlackElo "2304"]
[EventDate "2025.01.03"]
[EventType "swiss"]
[EventRounds "5"]
[EventCountry "DEN"]
[SourceTitle "Live v. Allerod Skakklub"]

1. e4 e5 2. Nf3 Nc6 3. Bc4 Nf6 4. d3 h6 5. O-O d6 6. a4 g6 7. a5 a6 8. Nc3 Bg7 9. h3 O-O 10. Be3 Ne7 11. Re1 Kh7 12. Bb3 c5 13. Nd2 Nc6 14. Nc4 Rb8 15. f4 exf4 16. Bxf4 Ne8 17. Nd5 Be6 18. c3 Ne7 19. Qf3 Nc8 20. e5 b5 21. axb6 Bxd5 22. Qxd5 Nxb6 23. Nxb6 Qxb6 24. Bc4 dxe5 25. Bxe5 Rd8 26. Qe4 Bxe5 27. Rxa6 Qxb2 28. Qxe5 Ng7 29. Ra2 Qb6 30. Ra6 Qb2 31. Ra2 Qb6 32. Rae2 Rde8 33. Qd5 Rxe2 34. Rxe2 Qb1+ 35. Kh2 Qf1 36. Qf3 Qxf3 37. gxf3 Ne6 38. Bxe6 fxe6 39. Rxe6 Rxf3 40. Re7+ Kg8 41. Rc7 Rxd3 42. Rxc5 Kf7 43. Rc6 1/2-1/2

[Event "Nordsjaellands Weekend EMT 2025"]
[Site "Allerod"]
[Date "2025.01.03"]
[Round "1"]
[White "Meskenas, Paulius"]
[Black "Skytte, Rasmus"]
[Result "0-1"]
[WhiteElo "2161"]
[BlackElo "2332"]
[EventDate "2025.01.03"]
[EventType "swiss"]
[EventRounds "5"]
[EventCountry "DEN"]
[SourceTitle "Live v. Allerod Skakklub"]

1. e4 c5 2. Nf3 Nc6 3. d4 cxd4 4. Nxd4 g6 5. Be3 Nf6 6. f3 d5 7. Nc3 Bg7 8. Nb3 Be6 9. Be2 dxe4 10. fxe4 O-O 11. Nc5 Qxd1+ 12. Rxd1 Bg4 13. Rd2 Bxe2 14. Kxe2 Ng4 15. Rd7 b6 16. Nd3 Rfd8 17. Rc7 Nxe3 18. Kxe3 Rac8 19. Rxc8 Rxc8 20. Ne2 Na5 21. c3 Nc4+ 22. Kf2 Rd8 23. Rd1 Bh6 24. Nd4 Be3+ 25. Kf3 Bxd4 26. Nb4 Nxb2 27. Rxd4 Rc8 28. Rd7 Rxc3+ 29. Kf4 e6 30. Ke5 Kg7 31. Rxa7 Rc4 32. a3 g5 33. Ra6 Rc5+ 34. Kd4 Rc4+ 35. Ke5 Rc3 36. Kd4 Rb3 37. e5 h5 38. Rxb6 Rxa3 39. Nc6 Ra4+ 40. Kc3 Nc4 41. Rb8 Ne3 42. Nd8 Nd5+ 43. Kd2 Ra7 44. Ke2 Ne7 45. Ke3 Rd7 46. Ke4 Rd2 47. Kf3 g4+ 48. Kg3 Kg6 49. h3 Nf5+ 50. Kf4 Rd4# 0-1

[Event "Nordsjaellands Weekend EMT 2025"]
[Site "Allerod"]
[Date "2025.01.03"]
[Round "1"]
[White "Kristensen, Kaare Hove"]
[Black "Falkesgaard, Jeppe Hald"]
[Result "1/2-1/2"]
[WhiteElo "2266"]
[BlackElo "2261"]
[EventDate "2025.01.03"]
[EventType "swiss"]
[EventRounds "5"]
[EventCountry "DEN"]
[SourceTitle "Live v. Allerod Skakklub"]

1. c4 c6 2. e4 d5 3. exd5 cxd5 4. d4 Nf6 5. Nc3 Nc6 6. Nf3 Bg4 7. cxd5 Nxd5 8. Qb3 Nxc3 9. bxc3 Qc7 10. Rb1 Rb8 11. Bb5 Bxf3 12. gxf3 e6 13. c4 a6 14. Ba4 Bd6 15. c5 Be7 16. Bxc6+ Qxc6 17. Bf4 Rd8 18. Qxb7 Qxb7 19. Rxb7 Rxd4 20. c6 Rxf4 21. Rb8+ Bd8 22. c7 Ke7 23. c8=Q Ba5+ 24. Ke2 Rxc8 25. Rxc8 Ra4 26. Rc2 g5 27. Rg1 h6 28. Rg4 Ra3 29. Re4 Kf6 30. Re3 Ra4 31. Re4 Ra3 32. Kf1 Kg6 33. Re3 Ra4 34. Re4 Ra3 35. Kg2 Bd8 36. h3 Bf6 37. Rb4 a5 38. Rb7 Be5 39. Rd2 Bf4 40. Rc2 Be5 41. Re2 Bf6 42. Rd2 Be5 43. Rb3 Ra4 44. Re2 Bf6 45. Rc2 Be5 46. Rb5 Bf6 47. Rb7 Be5 48. Ra7 Bf6 49. Rd7 Bg7 50. Re2 Bf6 51. Rd3 Bg7 52. Rde3 Bf6 53. Re4 Ra3 54. f4 Kf5 55. fxg5 hxg5 56. R4e3 Ra4 57. Rb3 Kg6 58. Rb7 Ra3 59. Rb3 Ra4 60. Rb7 Ra3 61. Rd2 Ra4 62. Rb3 Be5 63. Re2 Bf6 64. Rb7 Ra3 65. Rb3 Ra4 66. Rb7 Ra3 67. Rd2 Ra4 68. Rc2 1/2-1/2

[Event "Nordsjaellands Weekend EMT 2025"]
[Site "Allerod"]
[Date "2025.01.03"]
[Round "1"]
[White "Jakobsen, Peter"]
[Black "Strange, Mikkel"]
[Result "0-1"]
[WhiteElo "2205"]
[BlackElo "2323"]
[EventDate "2025.01.03"]
[EventType "swiss"]
[EventRounds "5"]
[EventCountry "DEN"]
[SourceTitle "Live v. Allerod Skakklub"]

1. d4 f5 2. g3 Nf6 3. Bg2 e6 4. Nf3 d5 5. O-O Bd6 6. c4 c6 7. Nc3 O-O 8. Qc2 Qe7 9. Rb1 Nbd7 10. cxd5 exd5 11. Bg5 h6 12. Bxf6 Qxf6 13. e3 g5 14. Rbc1 Kg7 15. a3 Qe7 16. Rfe1 Nf6 17. Na4 Ne4 18. Nc5 Be6 19. Nd3 f4 20. exf4 gxf4 21. Nc5 Bxc5 22. dxc5 Qf6 23. Qd3 Bg4 24. Rf1 Rae8 25. b4 Re7 26. a4 Bxf3 27. Bxf3 Ng5 28. Kg2 fxg3 29. fxg3 Nxf3 30. Rxf3 Qb2+ 31. Rc2 Rxf3 32. Kxf3 Qxb4 33. Qc3+ Qxc3+ 34. Rxc3 Kf6 35. a5 Re4 36. a6 Rb4 37. axb7 Rxb7 38. Ra3 Rb5 39. Rxa7 Rxc5 40. g4 Rc1 41. h4 Rc3+ 42. Kf4 Rc4+ 43. Kf3 h5 44. g5+ Kg6 45. Kg3 Rc3+ 46. Kg2 Kf5 47. Ra4 Kg6 48. Rf4 c5 49. Rf6+ Kg7 50. Rd6 d4 51. Rd7+ Kg6 52. Rd6+ Kf7 53. Rd7+ Ke6 54. Rd8 d3 55. Kf3 c4 56. Ke3 Rc1 57. Re8+ Kf7 58. Rc8 Re1+ 59. Kd2 Re2+ 60. Kd1 Re4 0-1

[Event "Nordsjaellands Weekend EMT 2025"]
[Site "Allerod"]
[Date "2025.01.03"]
[Round "1"]
[White "Vinther Schou, Uffe"]
[Black "Schmidt, Kristen"]
[Result "0-1"]
[WhiteElo "2314"]
[BlackElo "2167"]
[EventDate "2025.01.03"]
[EventType "swiss"]
[EventRounds "5"]
[EventCountry "DEN"]
[SourceTitle "Live v. Allerod Skakklub"]

1. d4 Nf6 2. Nf3 g6 3. g3 Bg7 4. Bg2 O-O 5. c4 d6 6. Nc3 Nc6 7. O-O a6 8. e4 Bg4 9. Be3 Re8 10. h3 Bxf3 11. Bxf3 e5 12. d5 Nd4 13. Bg2 c5 14. dxc6 bxc6 15. Rc1 Nd7 16. f4 Rb8 17. Rf2 Nc5 18. f5 Rb4 19. Bf1 a5 20. Qd2 Qb6 21. Rb1 Rb8 22. Kh1 Qd8 23. Bg5 Qe8 24. g4 a4 25. Be3 Qd8 26. g5 d5 27. fxg6 hxg6 28. exd5 cxd5 29. Bg2 a3 30. Bxd5 Rxb2 31. Qd1 Rxf2 32. Rxb8 Qxb8 33. Bxf2 Qb2 34. Be1 e4 35. Nxe4 Nxe4 36. Bxe4 Qxa2 37. Bc3 Qxc4 38. Qd3 Qxd3 39. Bxd3 Nb3 40. Bc4 Nc1 41. Bd2 a2 42. Bxa2 Nxa2 43. Kg2 Nc3 44. Kf3 Kf8 45. Kg4 Ke7 46. h4 Ke6 47. Bc1 Nd5 48. Bd2 Bd4 49. Ba5 Ke5 50. Be1 Ne3+ 51. Kf3 Kf5 52. Bd2 Nc4 53. Bb4 Be5 54. Be1 Bf4 55. Bc3 Ne5+ 0-1

[Event "Nordsjaellands Weekend EMT 2025"]
[Site "Allerod"]
[Date "2025.01.03"]
[Round "1"]
[White "Eriksson, Christian Altenburg"]
[Black "Fries Nielsen, Jens Ove"]
[Result "1/2-1/2"]
[WhiteElo "2152"]
[BlackElo "2323"]
[EventDate "2025.01.03"]
[EventType "swiss"]
[EventRounds "5"]
[EventCountry "DEN"]
[SourceTitle "Live v. Allerod Skakklub"]

1. e4 Nf6 2. e5 Nd5 3. d4 Nb6 4. a4 a5 5. Nf3 d5 6. Nbd2 Bg4 7. h3 Bh5 8. e6 fxe6 9. g4 Bf7 10. Ne5 Bg8 11. Bd3 N6d7 12. f4 c6 13. Ndf3 Qb6 14. Ra3 g6 15. Rb3 Qc7 16. O-O Bg7 17. Qe2 Nxe5 18. fxe5 Nd7 19. Be3 Nb6 20. Ra3 Nd7 21. Rb3 Nb6 22. Ra3 Nd7 23. c3 Nf8 24. Nh4 Nd7 25. b4 axb4 26. cxb4 Nb6 27. a5 Nc4 28. Bxc4 dxc4 29. Qxc4 Qd7 30. a6 Bf7 31. axb7 Qxb7 32. Rxa8+ Qxa8 33. b5 O-O 34. bxc6 Rc8 35. Rc1 h6 36. Qc2 g5 37. Ng2 Rc7 38. Qe4 Qa4 1/2-1/2

[Event "Nordsjaellands Weekend EMT 2025"]
[Site "Allerod"]
[Date "2025.01.03"]
[Round "1"]
[White "Hoi, Carsten"]
[Black "Thorsbro, Peter"]
[Result "1/2-1/2"]
[WhiteElo "2302"]
[BlackElo "2139"]
[EventDate "2025.01.03"]
[EventType "swiss"]
[EventRounds "5"]
[EventCountry "DEN"]
[SourceTitle "Live v. Allerod Skakklub"]

1. Nf3 d5 2. e3 Nf6 3. c4 e6 4. Nc3 Be7 5. b3 O-O 6. Bb2 c5 7. cxd5 exd5 8. d4 Nc6 9. Be2 Bg4 10. dxc5 Bxc5 11. O-O Re8 12. Rc1 Bb6 13. Na4 Bc7 14. Nc5 Ne4 15. Nxb7 Qd7 16. Bb5 Re6 17. Rxc6 Rxc6 18. Qd4 f6 19. Bxc6 Qxc6 20. Rc1 Qd7 21. Rxc7 Qxc7 22. Qxd5+ Kh8 23. Nd4 Ng5 24. h4 Nf7 25. f3 Rb8 26. Nc5 Rd8 27. Qc4 Ne5 28. Qc3 Nxf3+ 29. gxf3 Qg3+ 30. Kf1 Bxf3 31. Qc2 Qh3+ 32. Ke1 Qxh4+ 33. Qf2 Qh1+ 34. Qf1 Qh4+ 35. Qf2 Qh1+ 36. Qf1 Qh4+ 1/2-1/2

[Event "Nordsjaellands Weekend EMT 2025"]
[Site "Allerod"]
[Date "2025.01.04"]
[Round "2"]
[White "Hector, Jonny"]
[Black "Strange, Mikkel"]
[Result "1-0"]
[WhiteElo "2434"]
[BlackElo "2323"]
[EventDate "2025.01.03"]
[EventType "swiss"]
[EventRounds "5"]
[EventCountry "DEN"]
[SourceTitle "Live v. Allerod Skakklub"]

1. e4 e5 2. Nf3 Nc6 3. d4 exd4 4. Nxd4 Bb4+ 5. c3 Bc5 6. Be3 Bb6 7. Nf5 Bxe3 8. Nxe3 Nf6 9. f3 d6 10. c4 O-O 11. Nc3 Nd7 12. Bd3 Nc5 13. O-O a5 14. Qd2 Be6 15. Rad1 Qd7 16. Bc2 f6 17. b3 Ne7 18. Ncd5 Bxd5 19. exd5 f5 20. Rfe1 b6 21. a3 Ng6 22. b4 Nb7 23. f4 axb4 24. axb4 Ne7 25. Bb3 Kh8 26. Nc2 Ng8 27. Nd4 Nf6 28. Bc2 g6 29. Ne6 Rf7 30. Ra1 Rxa1 31. Rxa1 Qc8 32. Ra7 Nd8 33. Ng5 Rf8 34. Qe1 Qd7 35. Ba4 Qg7 36. h3 h6 37. Nf3 Ne4 38. Qe3 g5 39. Qd4 Rf6 40. Bc2 gxf4 41. Bxe4 fxe4 42. Qxe4 Qd7 43. Nd4 Kg8 44. Ra8 Rf8 45. Qg6+ Qg7 46. Qxg7+ Kxg7 47. Rxd8 Rxd8 48. Ne6+ Kf6 49. Nxd8 Ke5 50. Ne6 c6 51. dxc6 1-0

[Event "Nordsjaellands Weekend EMT 2025"]
[Site "Allerod"]
[Date "2025.01.04"]
[Round "2"]
[White "Skytte, Rasmus"]
[Black "Schmidt, Kristen"]
[Result "1-0"]
[WhiteElo "2332"]
[BlackElo "2167"]
[EventDate "2025.01.03"]
[EventType "swiss"]
[EventRounds "5"]
[EventCountry "DEN"]
[SourceTitle "Live v. Allerod Skakklub"]

1. d4 Nf6 2. Nf3 g6 3. c4 Bg7 4. g3 O-O 5. Nc3 d6 6. Bg2 Nc6 7. O-O a6 8. Bf4 Rb8 9. Rc1 Bg4 10. d5 e5 11. Bg5 Ne7 12. h3 Bd7 13. c5 Ne8 14. b4 h6 15. Bd2 f5 16. e3 Nf6 17. Qb3 Kh7 18. a4 Qe8 19. cxd6 cxd6 20. b5 axb5 21. axb5 Qf7 22. Qa3 Ne4 23. Rfd1 Nxd5 24. Nxd5 Qxd5 25. Bb4 Qxb5 26. Bxd6 Ra8 27. Qb4 Qe2 28. Rf1 Rf7 29. Nxe5 Bxe5 30. Bxe5 Bc6 31. Qd4 Nd2 32. Bxc6 bxc6 33. Qb2 Re8 34. Rfd1 Rd7 35. Bd4 Rxd4 36. Qb7+ Kg8 37. exd4 Nf3+ 38. Kg2 Qe4 1-0

[Event "Nordsjaellands Weekend EMT 2025"]
[Site "Allerod"]
[Date "2025.01.04"]
[Round "2"]
[White "Falkesgaard, Jeppe Hald"]
[Black "Kistrup, Nicolai"]
[Result "1/2-1/2"]
[WhiteElo "2261"]
[BlackElo "2400"]
[EventDate "2025.01.03"]
[EventType "swiss"]
[EventRounds "5"]
[EventCountry "DEN"]
[SourceTitle "Live v. Allerod Skakklub"]

1. d4 d5 2. c4 c6 3. Nc3 Nf6 4. e3 e6 5. Nf3 Nbd7 6. Qc2 Bd6 7. b3 O-O 8. Be2 b6 9. O-O Bb7 10. Bb2 Qe7 11. Rad1 Rad8 12. Rfe1 Rfe8 13. Bf1 e5 14. dxe5 Nxe5 15. Nxe5 Bxe5 16. cxd5 Rc8 17. Qe2 cxd5 18. Nb5 Ba6 19. Bxe5 Qxe5 20. Qd2 Ng4 21. g3 Qh5 22. h4 Rc5 23. a4 Bxb5 24. Bxb5 Ne5 25. Be2 Nf3+ 26. Bxf3 Qxf3 27. b4 Rc4 28. Qxd5 Qxd5 29. Rxd5 Rxb4 30. a5 bxa5 31. Rd7 Rbb8 32. Ra1 a6 33. Rxa5 Re6 34. Ra7 g6 35. R7xa6 Rxa6 36. Rxa6 h5 37. Kg2 Kg7 38. Ra7 Rb1 39. Kf3 Rb2 40. e4 Rb3+ 41. Kf4 Rb2 42. f3 Rb4 43. Rd7 Ra4 44. Rd3 Kf6 45. Re3 Rc4 46. g4 hxg4 47. fxg4 Kg7 48. Kg5 Rc5+ 49. e5 f6+ 50. Kf4 fxe5+ 51. Rxe5 Rc4+ 52. Re4 Rc7 53. Rd4 Re7 54. Rd5 Ra7 55. Rd4 Re7 56. Rd6 Ra7 57. Ke5 Re7+ 58. Kf4 Ra7 59. g5 Ra4+ 60. Ke5 Rxh4 61. Rd7+ Kg8 62. Kf6 Rf4+ 63. Kxg6 Rf8 64. Rg7+ Kh8 65. Re7 Kg8 66. Rg7+ Kh8 67. Rf7 Ra8 68. Kh6 Kg8 69. Rb7 Rc8 70. Rg7+ Kh8 71. Rh7+ Kg8 72. Rg7+ Kh8 73. Rh7+ Kg8 74. Rg7+ 1/2-1/2

[Event "Nordsjaellands Weekend EMT 2025"]
[Site "Allerod"]
[Date "2025.01.04"]
[Round "2"]
[White "Thorsbro, Peter"]
[Black "Kristensen, Kaare Hove"]
[Result "1/2-1/2"]
[WhiteElo "2139"]
[BlackElo "2266"]
[EventDate "2025.01.03"]
[EventType "swiss"]
[EventRounds "5"]
[EventCountry "DEN"]
[SourceTitle "Live v. Allerod Skakklub"]

1. d4 d5 2. c4 c6 3. Nf3 Nf6 4. g3 dxc4 5. Bg2 e6 6. O-O b5 7. Qc2 Bb7 8. Rd1 Nbd7 9. e4 Be7 10. Nc3 O-O 11. Ng5 h6 12. e5 hxg5 13. exf6 Bxf6 14. Nxb5 cxb5 15. Bxb7 Rb8 16. Bg2 Nb6 17. b3 Qd6 18. bxc4 Nxc4 19. Qe4 Rfd8 20. Rb1 a6 21. Rb3 Rbc8 22. Rbd3 Nb6 23. Qg4 Qe7 24. h4 gxh4 25. gxh4 Rc4 26. Bg5 e5 27. Bxf6 Qxf6 28. dxe5 Rxd3 29. exf6 Rxg4 30. Rxd3 Ra4 31. Rd6 Nc4 32. Rd8+ Kh7 33. Be4+ g6 34. Bd5 Ne5 35. Re8 Ng4 36. Rf8 Rf4 37. Rxf7+ 1/2-1/2

[Event "Nordsjaellands Weekend EMT 2025"]
[Site "Allerod"]
[Date "2025.01.04"]
[Round "2"]
[White "Fries Nielsen, Jens Ove"]
[Black "Hoi, Carsten"]
[Result "1/2-1/2"]
[WhiteElo "2323"]
[BlackElo "2302"]
[EventDate "2025.01.03"]
[EventType "swiss"]
[EventRounds "5"]
[EventCountry "DEN"]
[SourceTitle "Live v. Allerod Skakklub"]

1. e4 e5 2. Nf3 Nc6 3. g3 g6 4. Bg2 Bg7 5. O-O d6 6. c3 Nf6 7. d4 Qe7 8. Re1 O-O 9. h3 h6 10. Na3 Nh7 11. Nc4 Ng5 12. Nxg5 hxg5 13. Be3 b5 14. Na3 a6 15. Nc2 Bd7 16. Qd2 g4 17. hxg4 Bxg4 18. d5 Na5 19. b3 Nb7 20. a4 Bd7 21. axb5 axb5 22. b4 f5 23. Bg5 Qf7 24. exf5 gxf5 25. f4 Bf6 26. Bxf6 Qxf6 27. Ne3 Rae8 28. Ra7 Bc8 29. Nf1 Qf7 30. fxe5 dxe5 31. d6 Nxd6 32. Bd5 Be6 33. Qg5+ Qg7 34. Qxg7+ Kxg7 35. Bc6 Re7 36. Rxe5 Kf6 37. Rc5 Bc4 38. Bg2 Rff7 39. Nd2 Re1+ 40. Nf1 Ne4 1/2-1/2

[Event "Nordsjaellands Weekend EMT 2025"]
[Site "Allerod"]
[Date "2025.01.04"]
[Round "2"]
[White "Ramsdal, Jens Albert"]
[Black "Eriksson, Christian Altenburg"]
[Result "1/2-1/2"]
[WhiteElo "2304"]
[BlackElo "2152"]
[EventDate "2025.01.03"]
[EventType "swiss"]
[EventRounds "5"]
[EventCountry "DEN"]
[SourceTitle "Live v. Allerod Skakklub"]

1. e4 c5 2. Nf3 Nc6 3. Bb5 Nf6 4. e5 Nd5 5. O-O g6 6. Re1 Bg7 7. Nc3 Nc7 8. Bf1 O-O 9. d3 Ne6 10. Nd5 b6 11. c3 Bb7 12. Nf4 Qc7 13. Qe2 Nxf4 14. Bxf4 Nd8 15. Bg3 Ne6 16. Rad1 Bd5 17. b3 Qb7 18. Nd2 a5 19. a4 d6 20. Qg4 Rad8 21. Nc4 Bxc4 22. Qxc4 dxe5 23. Bxe5 Qd5 24. Qxd5 Rxd5 25. Bxg7 Kxg7 26. Re3 Rfd8 27. g3 Kf8 28. Rde1 R5d6 29. h4 Nc7 30. Re4 e6 31. b4 cxb4 32. cxb4 Rd4 33. Rc1 Na6 34. Rxd4 Rxd4 35. Rc8+ Kg7 36. bxa5 bxa5 37. Rc6 Nb8 38. Rb6 1/2-1/2

[Event "Nordsjaellands Weekend EMT 2025"]
[Site "Allerod"]
[Date "2025.01.04"]
[Round "2"]
[White "Meskenas, Paulius"]
[Black "Vinther Schou, Uffe"]
[Result "1-0"]
[WhiteElo "2161"]
[BlackElo "2314"]
[EventDate "2025.01.03"]
[EventType "swiss"]
[EventRounds "5"]
[EventCountry "DEN"]
[SourceTitle "Live v. Allerod Skakklub"]

1. c4 c5 2. Nc3 Nc6 3. g3 g6 4. Bg2 Bg7 5. e3 d6 6. Nge2 e5 7. Nd5 Nge7 8. Nec3 Rb8 9. a3 a6 10. b4 cxb4 11. axb4 Nxd5 12. Nxd5 e4 13. Rb1 Ne5 14. Bxe4 Bg4 15. Qb3 Nf3+ 16. Kf1 Bh3+ 17. Ke2 Ng5 18. Bb2 O-O 19. Bxg7 Kxg7 20. Qc3+ f6 21. Bf3 Qd7 22. Qd4 Rbe8 23. Rhc1 Re5 24. Bh1 Ne6 25. Qb6 Rf7 26. d4 Rh5 27. Bf3 Rf5 28. Nf4 Nxf4+ 29. gxf4 Re7 30. Kd2 h5 31. b5 a5 32. Be2 g5 33. Rg1 Qe6 34. Bd3 Bg4 35. Bxf5 Qxf5 36. Qxd6 Rd7 37. Qa3 Qe4 38. Qd3 Qf3 39. fxg5 Bf5 40. gxf6+ Kxf6 41. Qe2 Qe4 42. Rbc1 Qe7 43. Qxh5 Qb4+ 44. Ke2 Qb2+ 45. Kf3 Rf7 46. Rg5 Ke6 47. d5+ 1-0

[Event "Nordsjaellands Weekend EMT 2025"]
[Site "Allerod"]
[Date "2025.01.04"]
[Round "2"]
[White "Jakobsen, Peter"]
[Black "Bank, Pelle Rodkjaer"]
[Result "1/2-1/2"]
[WhiteElo "2205"]
[BlackElo "2273"]
[EventDate "2025.01.03"]
[EventType "swiss"]
[EventRounds "5"]
[EventCountry "DEN"]
[SourceTitle "Live v. Allerod Skakklub"]

1. d4 Nf6 2. c4 g6 3. Nc3 Bg7 4. e4 d6 5. Nf3 O-O 6. Be2 e5 7. O-O h6 8. Re1 Nbd7 9. Bf1 Nh7 10. dxe5 Nxe5 11. Nxe5 Bxe5 12. Be3 Re8 13. Qd2 h5 14. Bd4 c6 15. Rad1 Qf6 16. Be3 g5 17. f3 h4 18. h3 Be6 19. Bd4 Nf8 20. Bxe5 dxe5 21. Qe3 Red8 22. Rxd8 Qxd8 23. Rd1 Qb6 24. c5 Qxb2 25. Qxg5+ Ng6 26. Qe3 Nf4 27. Rb1 Qc2 28. Rc1 Qb2 29. Rb1 Qc2 30. Rc1 Qb2 31. Rb1 1/2-1/2

[Event "Nordsjaellands Weekend EMT 2025"]
[Site "Allerod"]
[Date "2025.01.04"]
[Round "3"]
[White "Skytte, Rasmus"]
[Black "Hector, Jonny"]
[Result "0-1"]
[WhiteElo "2332"]
[BlackElo "2434"]
[EventDate "2025.01.03"]
[EventType "swiss"]
[EventRounds "5"]
[EventCountry "DEN"]
[SourceTitle "Live v. Allerod Skakklub"]

1. e4 e5 2. Nf3 Nc6 3. Bc4 Nf6 4. Ng5 d5 5. exd5 Na5 6. d3 h6 7. Nf3 e4 8. Nd4 Bd6 9. h3 O-O 10. Nc3 Bb4 11. O-O c6 12. Bb3 Nxb3 13. axb3 cxd5 14. Bf4 Bd7 15. dxe4 dxe4 16. Ndb5 a6 17. Qd4 Bxb5 18. Nxb5 Nd5 19. Qxe4 Re8 20. Qf3 Nxf4 21. Qxf4 Bd2 22. Qf5 axb5 23. Qxb5 Qc7 24. c3 Rad8 25. Ra4 Bg5 26. Rb4 Rd7 27. Rc4 Qd8 28. h4 Bf6 29. g3 Re5 30. Rc5 Rxc5 31. Qxc5 Rd2 32. Qb5 Qe7 33. Ra1 Qe4 0-1

[Event "Nordsjaellands Weekend EMT 2025"]
[Site "Allerod"]
[Date "2025.01.04"]
[Round "3"]
[White "Kistrup, Nicolai"]
[Black "Meskenas, Paulius"]
[Result "1-0"]
[WhiteElo "2400"]
[BlackElo "2161"]
[EventDate "2025.01.03"]
[EventType "swiss"]
[EventRounds "5"]
[EventCountry "DEN"]
[SourceTitle "Live v. Allerod Skakklub"]

1. e4 e5 2. Nf3 Nc6 3. Bc4 Bc5 4. c3 Nf6 5. d3 d6 6. O-O h6 7. Re1 O-O 8. h3 Be6 9. Bxe6 fxe6 10. b4 Bb6 11. a4 a6 12. Nbd2 Nh5 13. Ra2 Qf6 14. Nf1 Nf4 15. Kh2 g5 16. Be3 Bxe3 17. fxe3 Ng6 18. Ng3 Nce7 19. Rf1 Qh8 20. Qb3 d5 21. c4 c6 22. b5 d4 23. bxa6 bxa6 24. exd4 exd4 25. c5 Nf4 26. Ne2 Qf6 27. Nfxd4 Qe5 28. Nxf4 Rxf4 29. Rxf4 Qxf4+ 30. g3 Qf7 31. Qxe6 Rd8 32. Rf2 1-0

[Event "Nordsjaellands Weekend EMT 2025"]
[Site "Allerod"]
[Date "2025.01.04"]
[Round "3"]
[White "Hoi, Carsten"]
[Black "Falkesgaard, Jeppe Hald"]
[Result "0-1"]
[WhiteElo "2302"]
[BlackElo "2261"]
[EventDate "2025.01.03"]
[EventType "swiss"]
[EventRounds "5"]
[EventCountry "DEN"]
[SourceTitle "Live v. Allerod Skakklub"]

1. d4 d5 2. Nf3 Nf6 3. e3 c5 4. b3 cxd4 5. exd4 Nc6 6. Bd3 Bg4 7. c3 e6 8. Bg5 h6 9. Bh4 g5 10. Bg3 Ne4 11. Qc2 Nxg3 12. hxg3 Bxf3 13. gxf3 Qf6 14. Nd2 Rc8 15. Bb5 a6 16. Bxc6+ Rxc6 17. Qd3 Bd6 18. Kf1 O-O 19. Kg2 Rfc8 20. c4 Bb4 21. c5 b6 22. f4 Bxd2 23. Qxd2 gxf4 24. b4 f3+ 25. Kh2 e5 26. dxe5 Qxe5 27. Rae1 Qg5 28. Qd3 bxc5 29. bxc5 Rxc5 30. Qxf3 Rc3 31. Qf4 Qxf4 32. gxf4 Rc2 33. Kg3 R8c3+ 34. f3 Rxa2 35. Rxh6 Raa3 36. Kg4 Rxf3 37. Re8+ Kg7 38. Reh8 d4 39. f5 Rg3+ 40. Kf4 Raf3+ 41. Ke5 f6+ 42. Ke6 Re3+ 43. Kd6 Kf7 44. Ra8 Re8 45. Ra7+ Kg8 46. Rah7 d3 47. Rh8+ Kf7 48. R6h7+ Rg7 49. Rxe8 Rxh7 50. Re7+ Kg8 51. Re8+ Kg7 52. Ke6 Rh8 53. Re7+ Kh6 54. Kxf6 Rf8+ 55. Ke5 Rd8 56. Re6+ Kh5 0-1

[Event "Nordsjaellands Weekend EMT 2025"]
[Site "Allerod"]
[Date "2025.01.04"]
[Round "3"]
[White "Schmidt, Kristen"]
[Black "Fries Nielsen, Jens Ove"]
[Result "1-0"]
[WhiteElo "2167"]
[BlackElo "2323"]
[EventDate "2025.01.03"]
[EventType "swiss"]
[EventRounds "5"]
[EventCountry "DEN"]
[SourceTitle "Live v. Allerod Skakklub"]

1. e4 c5 2. Nf3 e6 3. c3 a6 4. d4 b5 5. Bd3 Bb7 6. O-O d6 7. Re1 Nd7 8. a4 c4 9. Bc2 Be7 10. Nbd2 e5 11. axb5 axb5 12. Rxa8 Qxa8 13. b3 cxb3 14. Bd3 Ngf6 15. Qxb3 O-O 16. Ba3 exd4 17. cxd4 Nb6 18. e5 Bd5 19. Qb2 Na4 20. Qxb5 Ne8 21. Bc2 Bc6 22. Qd3 g6 23. exd6 Bxd6 24. Rxe8 Rxe8 25. Bxd6 Nb2 26. Qf1 Bd5 27. h3 Qc6 28. Bc5 f6 29. Bb3 Bxb3 30. Nxb3 Rb8 31. Nbd2 Qd5 32. Qe2 Na4 33. Qe7 Qf7 34. Qd6 Re8 35. Bb4 Nb2 36. Qc6 Nd3 37. Bd6 Rd8 38. Ne4 Re8 1-0

[Event "Nordsjaellands Weekend EMT 2025"]
[Site "Allerod"]
[Date "2025.01.04"]
[Round "3"]
[White "Strange, Mikkel"]
[Black "Thorsbro, Peter"]
[Result "1/2-1/2"]
[WhiteElo "2323"]
[BlackElo "2139"]
[EventDate "2025.01.03"]
[EventType "swiss"]
[EventRounds "5"]
[EventCountry "DEN"]
[SourceTitle "Live v. Allerod Skakklub"]

1. e4 c6 2. Nc3 d5 3. d4 dxe4 4. Nxe4 Bf5 5. Ng3 Bg6 6. h4 h6 7. Nf3 Nd7 8. Bd3 Bxd3 9. Qxd3 e6 10. Bf4 Qa5+ 11. Bd2 Bb4 12. c3 Be7 13. c4 Qc7 14. O-O-O Ngf6 15. Rhe1 O-O 16. Nf5 exf5 17. Rxe7 Qd8 18. Re2 Ne4 19. Bf4 Ndf6 20. Kb1 Ng4 21. Qc2 Re8 22. g3 b5 23. Ne5 Nxe5 24. dxe5 Qe7 25. f3 Nc5 26. Qxf5 bxc4 27. Rc2 Nd3 28. Rxc4 Nxf4 29. Qxf4 Qxe5 30. Qxe5 Rxe5 31. Rxc6 Re2 32. Rc2 Re3 33. Rc3 Re2 34. Rdc1 g6 35. Rc8+ Rxc8 36. Rxc8+ Kg7 37. Rc7 Rg2 38. Rxa7 Rxg3 39. Ra3 g5 40. hxg5 h5 41. Kc2 h4 42. Ra4 h3 43. Rf4 Rxg5 44. Rh4 Rg3 45. f4 Kf6 46. a4 Ke6 47. Rh5 Rf3 48. b3 f5 49. Kb2 Rf2+ 50. Ka3 h2 51. a5 Kd6 52. Ka4 Rxf4+ 53. Kb5 Rf2 54. a6 Ra2 55. Rh6+ Ke5 56. b4 f4 57. Kb6 f3 58. a7 Rxa7 59. Rxh2 Ra1 60. b5 Kf4 61. Kb7 Kg3 62. Rb2 f2 63. Rxf2 Kxf2 64. b6 Ke3 65. Kc8 Kd4 66. b7 Rc1+ 67. Kd7 Rb1 68. Kc7 Kc5 69. b8=Q 1/2-1/2

[Event "Nordsjaellands Weekend EMT 2025"]
[Site "Allerod"]
[Date "2025.01.04"]
[Round "3"]
[White "Kristensen, Kaare Hove"]
[Black "Ramsdal, Jens Albert"]
[Result "0-1"]
[WhiteElo "2266"]
[BlackElo "2304"]
[EventDate "2025.01.03"]
[EventType "swiss"]
[EventRounds "5"]
[EventCountry "DEN"]
[SourceTitle "Live v. Allerod Skakklub"]

1. c4 e6 2. Nc3 Nf6 3. e4 d5 4. cxd5 exd5 5. e5 d4 6. exf6 dxc3 7. Bb5+ Nc6 8. Qe2+ Be6 9. dxc3 Qxf6 10. Nf3 Bd6 11. Nd4 O-O 12. Nxc6 a6 13. Ba4 Rfe8 14. Be3 Bd7 15. Ne7+ Qxe7 16. Bxd7 Qxd7 17. O-O Re6 18. Rad1 Rae8 19. Qf3 Qb5 20. b3 b6 21. Qd5 Qe2 22. Rd2 Bxh2+ 23. Kxh2 Qxf1 24. Qd7 c5 25. Rd6 Qb5 26. Qc7 Rxd6 27. Qxd6 Re6 0-1